Au grand Saint-Christophe / (Record no. 115905)

MARC details
000 -LEADER
campo de control de longitud fija 00668nam a2200193 4500
001 - NÚMERO DE CONTROL
campo de control 115905
003 - IDENTIFICADOR DE NÚMERO DE CONTROL
campo de control ES-MaACL
005 - FECHA Y HORA DE LA ÚLTIMA TRANSACCIÓN
campo de control 20231228173810.0
007 - CAMPO FIJO DE DESCRIPCIÓN FÍSICA--INFORMACIÓN GENERAL
campo de control de longitud fija t|
008 - DATOS DE LONGITUD FIJA--INFORMACIÓN GENERAL
campo de control de longitud fija 061121s1932 fr r ||||1| fre d
100 1# - ENTRADA PRINCIPAL--NOMBRE DE PERSONA
Nombre de persona Ors, Eugenio d',
Fechas asociadas al nombre 1881-1954
9 (RLIN) 87358
245 10 - MENCIÓN DEL TÍTULO
Título Au grand Saint-Christophe /
Mención de responsabilidad, etc. Eugenio d'Ors ; traduction de M. et M. Tissier de Mallerais avec trois "Natures mortes" traduites par Valery Larband.
260 ## - PUBLICACIÓN, DISTRIBUCIÓN, ETC.
Lugar de publicación, distribución, etc. París :
Nombre del editor, distribuidor, etc. Louis Bellenand et Fils,
Fecha de publicación, distribución, etc. 1932.
300 ## - DESCRIPCIÓN FÍSICA
Extensión 269 p. ;
Dimensiones 19 cm.
700 1# - ENTRADA AGREGADA--NOMBRE PERSONAL
Nombre de persona Tissier de Mallerais, M.
9 (RLIN) 110340
700 0# - ENTRADA AGREGADA--NOMBRE PERSONAL
Nombre de persona Larbaud, Valéry.
9 (RLIN) 70226
852 ## - LOCALIZACIÓN
Ubicación ES-MaACL
Número de control de estantería B-12873
Holdings
Estatus retirado Estado de pérdida Estado de daño No para préstamo Biblioteca de origen Biblioteca actual Ubicación en estantería Fecha de adquisición Fuente de adquisición Total de préstamos Signatura topográfica completa Código de barras Visto por última vez Precio de reemplazo Tipo de ítem Koha
        Biblioteca del Ateneo de Madrid Biblioteca del Ateneo de Madrid Sala Pardo Bazán 17/01/2008     B-12873 1120869 23/02/2023 23/02/2023 Libro impreso